000 02508nam a22001697a 4500
003 NUST
082 _a621
100 _a Khurram Rashid Khan, Muhammad
_9119730
245 _aAnalytic and approximate Lie solutions of MHD Casson Fluid flow, heat and mass transfer near a stagnation point over a linearly stretching sheet with constant and variable viscosity and thermal conductivity /
_cMuhammad Khurram Rashid Khan
264 _aIslamabad :
_bSMME- NUST;
_c2023.
300 _bSoft Copy
520 _aIn this research, the effects of constant and variable viscosity and thermal conductivity on Magneto hydrodynamic (MHD) heat flow and mass transfer in a Casson fluid over a stretching surface are analyzed. Computational techniques are useful tools in solving the partial differential equations involved in this flow. It is desirable to convert these partial differential equations (PDEs) into a system of ordinary differential equations (ODEs). It is because there is no reliable scheme for solving PDEs and approximations used to convert PDEs to ODEs are often so good that ODEs may represent the characteristics of actual system. After obtaining the corresponding system of ODEs with boundary conditions, several computational methods can be employed. The previous study analyzed only coupled system using infinite boundary conditions and it employed Runge and Kutta method (RK-4) for approximating the results. These methods can be computationally expensive and may not represent the flow. In this thesis, Homotopy analysis method (HAM), Homotopy Perturbation Method (HPM) and finite difference method (FDM) are used for obtaining the analytical and approximate solutions of such systems. Moreover, the problem is addressed with both the finite and infinite boundary conditions. Procedures for all these methods are manageable and approximate, usually through codes that are developed for saving time and increasing accuracy. Codes are developed on MAPLE which has built in packages for many mathematical applications. These codes are tested and validated in a rigorous manner. The effect of various parameters on velocity and temperature are studied with the help of graphs and tables using the codes already available and refining them according to the requirement of flow model.
650 _aMS Mechanical Engineering
_9119495
700 _aSupervisor : Dr Muhammad Safdar
_9119644
856 _uhttp://10.250.8.41:8080/xmlui/handle/123456789/34069
942 _2ddc
_cTHE
999 _c607347
_d607347